ბათუმის შოთა რუსთაველის სახელმწიფო უნივერსიტეტის ბიბლიოთეკა

Масличные культуры (ბიბ.ჩანაწერი № 46091)

000 -LEADER
fixed length control field 00426nam a2200145Ia 4500
001 - CONTROL NUMBER
control field 12921
003 - CONTROL NUMBER IDENTIFIER
control field GE_BSU
008 - FIXED-LENGTH DATA ELEMENTS--GENERAL INFORMATION
fixed length control field 181216s||||||||xx |||||||||||||| ||und||
040 ## - CATALOGING SOURCE
Transcribing agency GE_BSU
100 ## - MAIN ENTRY--PERSONAL NAME
Personal name Минкевич,И.А.; Борковский,В.Е.
245 ## - TITLE STATEMENT
Title Масличные культуры
245 ## - TITLE STATEMENT
Statement of responsibility, etc. Ред.В.Г.Дымнин.Худ.Л.С.Эрман
653 ## - INDEX TERM--UNCONTROLLED
Uncontrolled term Масличные культуры
942 ## - ADDED ENTRY ELEMENTS (KOHA)
Koha item type წიგნი

არაა ხელმისაწვდომი ეგზემპლარები.